[Event "Women's Baku Chess Olympiad"]
[Site "chess24.com"]
[Date "2016.09.10"]
[Round "8"]
[White "Larrea, Daniela"]
[Black "dos Ramos, Rosangela"]
[Result "1/2-1/2"]
[Board "1"]
[WhiteID "3003000"]
[WhiteElo "1778"]
[WhiteCountry "URU"]
[WhiteFideId "3003000"]
[WhiteEloChange "1"]
[BlackID "8200521"]
[BlackElo "1821"]
[BlackTitle "WFM"]
[BlackCountry "SUR"]
[BlackFideId "8200521"]
[BlackEloChange "-1"]

1. d4 {[%clk 1:30:57]} d5 {[%clk 1:30:56]} 2. c4 {[%clk 1:31:21]} e6 {[%clk
1:31:21]} 3. g3 {[%clk 1:31:46]} Nf6 {[%clk 1:31:38]} 4. Bg2 {[%clk 1:32:09]} Be7
{[%clk 1:31:58]} 5. Nf3 {[%clk 1:32:33]} O-O {[%clk 1:32:16]} 6. O-O {[%clk
1:32:51]} c6 {[%clk 1:32:10]} 7. Nbd2 {[%clk 1:33:09]} b6 {[%clk 1:31:37]} 8. Qc2
{[%clk 1:33:30]} Bb7 {[%clk 1:28:18]} 9. Rd1 {[%clk 1:33:40]} Nbd7 {[%clk
1:23:21]} 10. e4 {[%clk 1:33:51]} Rc8 {[%clk 1:17:16]} 11. e5 {[%clk 1:30:32]}
Ne8 {[%clk 1:17:20]} 12. cxd5 {[%clk 1:28:19]} cxd5 {[%clk 1:17:01]} 13. Qd3
{[%clk 1:26:54]} g6 {[%clk 1:12:54]} 14. Nf1 {[%clk 1:26:04]} h5 {[%clk 1:06:15]}
15. h4 {[%clk 1:26:19]} Ng7 {[%clk 1:06:04]} 16. Bg5 {[%clk 1:20:42]} Nb8 {[%clk
1:00:34]} 17. Qd2 {[%clk 1:15:55]} Ba6 {[%clk 0:56:46]} 18. Ne3 {[%clk 1:10:00]}
Nc6 {[%clk 0:55:06]} 19. Bxe7 {[%clk 1:06:19]} Qxe7 {[%clk 0:54:43]} 20. Bf1
{[%clk 0:57:08]} Bxf1 {[%clk 0:52:35]} 21. Kxf1 {[%clk 0:55:31]} Rc7 {[%clk
0:46:31]} 22. Rac1 {[%clk 0:48:30]} Rfc8 {[%clk 0:43:55]} 23. Rc3 {[%clk
0:40:07]} Na5 {[%clk 0:36:53]} 24. Rxc7 {[%clk 0:38:49]} Rxc7 {[%clk 0:31:53]}
25. Rc1 {[%clk 0:34:22]} Qd7 {[%clk 0:25:36]} 26. Rxc7 {[%clk 0:33:54]} Qxc7
{[%clk 0:26:03]} 27. b3 {[%clk 0:32:43]} a6 {[%clk 0:10:06]} 28. Qc2 {[%clk
0:30:28]} Qd7 {[%clk 0:08:12]} 29. Qd3 {[%clk 0:23:08]} Qc8 {[%clk 0:08:12]} 30.
Qc2 {[%clk 0:23:13]} Qd7 {[%clk 0:08:38]} 31. Qd3 {[%clk 0:20:21]} Qc8 {[%clk
0:09:01]} 32. Qc2 {[%clk 0:20:18]} Qd7 {[%clk 0:09:28]} 1/2-1/2

[Event "Women's Baku Chess Olympiad"]
[Site "chess24.com"]
[Date "2016.09.10"]
[Round "8"]
[White "Adhin, Anviti"]
[Black "Quevedo, Andreina"]
[Result "1/2-1/2"]
[Board "2"]
[WhiteID "8201200"]
[WhiteElo "1616"]
[WhiteTitle "WCM"]
[WhiteCountry "SUR"]
[WhiteFideId "8201200"]
[WhiteEloChange "2"]
[BlackID "3004147"]
[BlackElo "1699"]
[BlackCountry "URU"]
[BlackFideId "3004147"]
[BlackEloChange "-2"]

1. c4 {[%clk 1:30:56]} e5 {[%clk 1:30:28]} 2. Nc3 {[%clk 1:31:08]} d6 {[%clk
1:30:44]} 3. g3 {[%clk 1:31:10]} Nc6 {[%clk 1:30:59]} 4. Bg2 {[%clk 1:31:22]} Be6
{[%clk 1:31:18]} 5. d3 {[%clk 1:31:13]} Qd7 {[%clk 1:31:37]} 6. Nf3 {[%clk
1:25:42]} Bh3 {[%clk 1:31:14]} 7. O-O {[%clk 1:25:52]} Nge7 {[%clk 1:25:40]} 8.
a3 {[%clk 1:22:52]} g6 {[%clk 1:21:28]} 9. b4 {[%clk 1:20:53]} Bg7 {[%clk
1:15:29]} 10. Bb2 {[%clk 1:14:55]} Bxg2 {[%clk 1:10:49]} 11. Kxg2 {[%clk
1:15:20]} h5 {[%clk 0:55:00]} 12. h4 {[%clk 1:03:01]} Nd8 {[%clk 0:42:03]} 13.
Qc2 {[%clk 0:53:03]} Ne6 {[%clk 0:39:30]} 14. e3 {[%clk 0:44:20]} Nf5 {[%clk
0:29:07]} 15. Qe2 {[%clk 0:37:55]} O-O {[%clk 0:16:34]} 16. Rac1 {[%clk 0:32:34]}
c6 {[%clk 0:16:46]} 17. Rfd1 {[%clk 0:30:40]} Rfe8 {[%clk 0:15:03]} 18. Qd2
{[%clk 0:20:33]} Rad8 {[%clk 0:11:26]} 19. Ne2 {[%clk 0:16:16]} Nc7 {[%clk
0:12:22]} 20. Nc3 {[%clk 0:11:56]} Qe7 {[%clk 0:10:16]} 21. Qc2 {[%clk 0:10:42]}
a6 {[%clk 0:10:08]} 22. Ne2 {[%clk 0:07:51]} Rd7 {[%clk 0:08:59]} 23. Qb1 {[%clk
0:05:11]} d5 {[%clk 0:04:47]} 24. cxd5 {[%clk 0:02:33]} cxd5 {[%clk 0:05:14]} 25.
e4 {[%clk 0:00:53]} Nh6 {[%clk 0:02:16]} 26. Nh2 {[%clk 0:00:53]} Red8 {[%clk
0:02:02]} 27. f3 {[%clk 0:00:45]} f5 {[%clk 0:01:36]} 28. Nc3 {[%clk 0:00:46]}
dxe4 {[%clk 0:01:06]} 29. dxe4 {[%clk 0:01:02]} Rd2+ {[%clk 0:01:06]} 30. Rxd2
{[%clk 0:01:05]} Rxd2+ {[%clk 0:01:32]} 31. Kh1 {[%clk 0:00:47]} Qd7 {[%clk
0:01:09]} 32. Rd1 {[%clk 0:00:58]} fxe4 {[%clk 0:00:57]} 33. fxe4 {[%clk
0:00:45]} Nb5 {[%clk 0:00:37]} 34. Nd5 {[%clk 0:00:36]} Rxd1+ {[%clk 0:00:45]}
35. Qxd1 {[%clk 0:01:01]} Kh8 {[%clk 0:01:04]} 36. Kg2 {[%clk 0:00:52]} Ng8
{[%clk 0:00:49]} 37. Nf3 {[%clk 0:00:47]} Qd6 {[%clk 0:00:07]} 38. Ne3 {[%clk
0:00:39]} Nd4 {[%clk 0:00:40]} 39. Nd5 {[%clk 0:00:49]} Nxf3 {[%clk 0:00:59]} 40.
Qxf3 {[%clk 0:30:48]} Ne7 {[%clk 0:30:36]} 41. Nxe7 {[%clk 0:25:46]} Qxe7 {[%clk
0:30:57]} 42. Qc3 {[%clk 0:24:54]} Kh7 {[%clk 0:28:12]} 43. Qd2 {[%clk 0:22:09]}
1/2-1/2

[Event "Women's Baku Chess Olympiad"]
[Site "chess24.com"]
[Date "2016.09.10"]
[Round "8"]
[White "de San Vicente, Sabrina"]
[Black "Frijde, Reyna"]
[Result "0-1"]
[Board "3"]
[WhiteID "3003973"]
[WhiteElo "1670"]
[WhiteCountry "URU"]
[WhiteFideId "3003973"]
[WhiteEloChange "-12"]
[BlackID "8200335"]
[BlackElo "1605"]
[BlackTitle "WCM"]
[BlackCountry "SUR"]
[BlackFideId "8200335"]
[BlackEloChange "12"]

1. d4 {[%clk 1:30:55]} d5 {[%clk 1:30:57]} 2. c4 {[%clk 1:31:12]} e6 {[%clk
1:31:22]} 3. cxd5 {[%clk 1:31:19]} exd5 {[%clk 1:31:49]} 4. Nc3 {[%clk 1:31:27]}
c6 {[%clk 1:31:31]} 5. Qc2 {[%clk 1:29:36]} Nf6 {[%clk 1:30:40]} 6. Bg5 {[%clk
1:29:41]} Nbd7 {[%clk 1:27:22]} 7. e3 {[%clk 1:29:40]} Bd6 {[%clk 1:22:13]} 8.
Bd3 {[%clk 1:24:08]} Qc7 {[%clk 1:20:22]} 9. h3 {[%clk 1:13:41]} h6 {[%clk
1:15:26]} 10. Bxf6 {[%clk 1:11:12]} Nxf6 {[%clk 1:15:34]} 11. Nf3 {[%clk
1:05:11]} Be6 {[%clk 1:11:17]} 12. O-O {[%clk 1:00:11]} Qd7 {[%clk 1:06:02]} 13.
Ne5 {[%clk 0:51:15]} Qc8 {[%clk 1:03:38]} 14. f4 {[%clk 0:40:01]} O-O {[%clk
1:01:05]} 15. Rac1 {[%clk 0:33:50]} a6 {[%clk 0:52:51]} 16. Na4 {[%clk 0:32:56]}
Qc7 {[%clk 0:49:33]} 17. Nc5 {[%clk 0:32:11]} Bxc5 {[%clk 0:49:38]} 18. Qxc5
{[%clk 0:32:02]} Nd7 {[%clk 0:46:08]} 19. Qc2 {[%clk 0:26:56]} Nxe5 {[%clk
0:43:25]} 20. fxe5 {[%clk 0:26:50]} Qd8 {[%clk 0:39:02]} 21. Bf5 {[%clk 0:22:14]}
Qg5 {[%clk 0:32:24]} 22. Qd3 {[%clk 0:13:18]} Rfe8 {[%clk 0:27:01]} 23. Bxe6
{[%clk 0:12:47]} Rxe6 {[%clk 0:27:27]} 24. Rf5 {[%clk 0:12:28]} Qe7 {[%clk
0:27:01]} 25. a3 {[%clk 0:10:50]} Rf8 {[%clk 0:26:40]} 26. Re1 {[%clk 0:07:54]}
f6 {[%clk 0:25:37]} 27. exf6 {[%clk 0:05:33]} Rfxf6 {[%clk 0:25:02]} 28. Rxf6
{[%clk 0:05:52]} Qxf6 {[%clk 0:24:46]} 29. e4 {[%clk 0:05:10]} dxe4 {[%clk
0:22:16]} 30. Rxe4 {[%clk 0:05:24]} Qf5 {[%clk 0:14:14]} 31. Qg3 {[%clk 0:02:50]}
Qxe4 {[%clk 0:13:12]} 32. Qb8+ {[%clk 0:02:59]} Kh7 {[%clk 0:13:20]} 33. Qxb7
{[%clk 0:03:09]} Qxd4+ {[%clk 0:13:46]} 34. Kh1 {[%clk 0:01:21]} Re1+ {[%clk
0:13:55]} 0-1

[Event "Women's Baku Chess Olympiad"]
[Site "chess24.com"]
[Date "2016.09.10"]
[Round "8"]
[White "Kaslan, Alexandra"]
[Black "Perez, Cecilia Manuela"]
[Result "1-0"]
[Board "4"]
[WhiteID "8201340"]
[WhiteElo "1474"]
[WhiteCountry "SUR"]
[WhiteFideId "8201340"]
[WhiteEloChange "14"]
[BlackID "3003191"]
[BlackElo "1621"]
[BlackCountry "URU"]
[BlackFideId "3003191"]
[BlackEloChange "-14"]

1. d4 {[%clk 1:30:55]} f5 {[%clk 1:30:13]} 2. Nf3 {[%clk 1:30:19]} e6 {[%clk
1:29:56]} 3. Bf4 {[%clk 1:30:02]} Nf6 {[%clk 1:29:38]} 4. Nbd2 {[%clk 1:28:29]}
Be7 {[%clk 1:28:21]} 5. h3 {[%clk 1:26:38]} b6 {[%clk 1:27:11]} 6. e3 {[%clk
1:24:37]} Bb7 {[%clk 1:26:32]} 7. Ne5 {[%clk 1:22:03]} O-O {[%clk 1:23:04]} 8.
Ndf3 {[%clk 1:21:23]} d6 {[%clk 1:22:18]} 9. Nd3 {[%clk 1:18:33]} Ne4 {[%clk
1:19:51]} 10. h4 {[%clk 1:12:15]} c5 {[%clk 1:14:50]} 11. dxc5 {[%clk 1:09:03]}
bxc5 {[%clk 1:13:22]} 12. Ng5 {[%clk 1:08:37]} Qa5+ {[%clk 0:55:07]} 13. c3
{[%clk 1:01:39]} e5 {[%clk 0:51:04]} 14. Qb3+ {[%clk 0:56:15]} c4 {[%clk
0:38:09]} 15. Qxb7 {[%clk 0:54:56]} Nxc3 {[%clk 0:30:14]} 16. Nb4 {[%clk
0:51:56]} exf4 {[%clk 0:24:29]} 17. bxc3 {[%clk 0:51:10]} Bf6 {[%clk 0:23:09]}
18. Bxc4+ {[%clk 0:50:50]} Kh8 {[%clk 0:21:50]} 19. O-O {[%clk 0:43:37]} Bxc3
{[%clk 0:19:13]} 20. Rab1 {[%clk 0:43:40]} Nd7 {[%clk 0:16:32]} 21. Qd5 {[%clk
0:43:13]} Qxd5 {[%clk 0:13:24]} 22. Nxd5 {[%clk 0:43:26]} Ne5 {[%clk 0:10:59]}
23. Ba6 {[%clk 0:41:08]} Ba5 {[%clk 0:09:35]} 24. exf4 {[%clk 0:40:59]} Ng4
{[%clk 0:07:57]} 25. Ne6 {[%clk 0:40:50]} Rfb8 {[%clk 0:06:00]} 26. Bb7 {[%clk
0:40:45]} 1-0

[Event "Women's Baku Chess Olympiad"]
[Site "chess24.com"]
[Date "2016.09.10"]
[Round "8"]
[White "Smith, Olivia"]
[Black "Cho, Hung-Ling"]
[Result "1-0"]
[Board "1"]
[WhiteID "411850"]
[WhiteElo "2002"]
[WhiteTitle "WFM"]
[WhiteCountry "WLS"]
[WhiteFideId "411850"]
[WhiteEloChange "2"]
[BlackID "16300840"]
[BlackElo "1515"]
[BlackCountry "TPE"]
[BlackFideId "16300840"]
[BlackEloChange "-2"]

1. e4 {[%clk 1:30:58]} e5 {[%clk 1:30:50]} 2. Nf3 {[%clk 1:31:18]} Nc6 {[%clk
1:31:12]} 3. Nc3 {[%clk 1:31:43]} Bc5 {[%clk 1:30:37]} 4. Nxe5 {[%clk 1:32:04]}
Nxe5 {[%clk 1:31:04]} 5. d4 {[%clk 1:32:24]} Bd6 {[%clk 1:31:28]} 6. dxe5 {[%clk
1:32:49]} Bxe5 {[%clk 1:31:51]} 7. f4 {[%clk 1:33:14]} Bxc3+ {[%clk 1:31:12]} 8.
bxc3 {[%clk 1:33:37]} Nf6 {[%clk 1:29:56]} 9. Bd3 {[%clk 1:30:44]} d6 {[%clk
1:29:56]} 10. O-O {[%clk 1:30:36]} O-O {[%clk 1:27:36]} 11. e5 {[%clk 1:29:36]}
dxe5 {[%clk 1:23:41]} 12. fxe5 {[%clk 1:29:52]} Ng4 {[%clk 1:23:22]} 13. Bf4
{[%clk 1:29:45]} c6 {[%clk 1:21:56]} 14. Qe2 {[%clk 1:26:31]} Qa5 {[%clk
1:17:57]} 15. h3 {[%clk 1:24:17]} Nh6 {[%clk 1:17:14]} 16. Bxh6 {[%clk 1:23:34]}
gxh6 {[%clk 1:17:41]} 17. Qe4 {[%clk 1:23:22]} Qc5+ {[%clk 1:14:18]} 18. Kh1
{[%clk 1:23:11]} f5 {[%clk 1:13:55]} 19. exf6 {[%clk 1:23:12]} Rf7 {[%clk
0:30:00]} 20. Bc4 {[%clk 1:21:36]} Qf8 {[%clk 0:26:10]} 21. Qe7 {[%clk 1:19:26]}
b5 {[%clk 0:24:39]} 22. Bxf7+ {[%clk 1:19:35]} Qxf7 {[%clk 0:25:06]} 23. Qd8+
{[%clk 1:18:56]} Qf8 {[%clk 0:25:16]} 24. f7+ {[%clk 1:19:17]} Kg7 {[%clk
0:25:25]} 25. Qd4+ {[%clk 1:19:37]} Kg6 {[%clk 0:25:48]} 26. Rf6+ {[%clk
1:19:34]} Kg7 {[%clk 0:20:51]} 27. Rf5+ {[%clk 1:19:48]} 1-0

[Event "Women's Baku Chess Olympiad"]
[Site "chess24.com"]
[Date "2016.09.10"]
[Round "8"]
[White "Shih, Ching-An"]
[Black "Roberts, Lynda"]
[Result "0-1"]
[Board "2"]
[WhiteID "16300653"]
[WhiteElo "1460"]
[WhiteTitle "WCM"]
[WhiteCountry "TPE"]
[WhiteFideId "16300653"]
[WhiteEloChange "-2"]
[BlackID "1800191"]
[BlackElo "1888"]
[BlackTitle "WCM"]
[BlackCountry "WLS"]
[BlackFideId "1800191"]
[BlackEloChange "2"]

1. Nf3 {[%clk 1:30:51]} f5 {[%clk 1:30:57]} 2. d4 {[%clk 1:31:13]} Nf6 {[%clk
1:31:18]} 3. c4 {[%clk 1:31:24]} g6 {[%clk 1:31:44]} 4. Nc3 {[%clk 1:31:48]} Bg7
{[%clk 1:32:06]} 5. g3 {[%clk 1:31:41]} d6 {[%clk 1:32:24]} 6. Bg2 {[%clk
1:31:58]} O-O {[%clk 1:32:26]} 7. O-O {[%clk 1:31:08]} c6 {[%clk 1:29:30]} 8. Qb3
{[%clk 1:30:54]} Na6 {[%clk 1:29:30]} 9. Bf4 {[%clk 1:28:48]} Kh8 {[%clk
1:26:03]} 10. a3 {[%clk 1:28:47]} Nh5 {[%clk 1:25:30]} 11. Bg5 {[%clk 1:28:29]}
h6 {[%clk 1:24:09]} 12. Bc1 {[%clk 1:27:54]} g5 {[%clk 1:21:04]} 13. e3 {[%clk
1:27:43]} Qe8 {[%clk 1:19:26]} 14. h4 {[%clk 1:26:35]} g4 {[%clk 1:17:32]} 15.
Ne1 {[%clk 1:26:39]} e5 {[%clk 1:16:31]} 16. dxe5 {[%clk 1:26:06]} dxe5 {[%clk
1:16:23]} 17. Nd3 {[%clk 1:26:20]} Qf7 {[%clk 1:14:53]} 18. Nb1 {[%clk 1:20:14]}
Be6 {[%clk 1:12:33]} 19. Nd2 {[%clk 1:20:25]} Rad8 {[%clk 1:07:10]} 20. Qc2
{[%clk 1:19:49]} Qd7 {[%clk 1:04:17]} 21. Nb4 {[%clk 1:16:21]} Nc5 {[%clk
1:02:04]} 22. Kh2 {[%clk 0:53:34]} a5 {[%clk 1:00:31]} 23. Na2 {[%clk 0:53:59]}
Qe7 {[%clk 0:57:36]} 24. Nc3 {[%clk 0:52:26]} f4 {[%clk 0:48:28]} 25. exf4 {[%clk
0:51:30]} exf4 {[%clk 0:48:16]} 26. Qg6 {[%clk 0:50:47]} fxg3+ {[%clk 0:45:53]}
27. fxg3 {[%clk 0:51:05]} Nxg3 {[%clk 0:44:42]} 28. Rxf8+ {[%clk 0:50:18]} Rxf8
{[%clk 0:44:52]} 29. Nde4 {[%clk 0:50:18]} Qxh4+ {[%clk 0:43:10]} 30. Kg1 {[%clk
0:48:44]} Bd4+ {[%clk 0:40:48]} 0-1

[Event "Women's Baku Chess Olympiad"]
[Site "chess24.com"]
[Date "2016.09.10"]
[Round "8"]
[White "Wong, Linda Jane"]
[Black "Sivarajasingam, Venetia"]
[Result "0-1"]
[Board "4"]
[WhiteID "16301005"]
[WhiteElo "1351"]
[WhiteCountry "TPE"]
[WhiteFideId "16301005"]
[WhiteEloChange "-3"]
[BlackID "1802895"]
[BlackElo "1631"]
[BlackCountry "WLS"]
[BlackFideId "1802895"]
[BlackEloChange "3"]

1. d4 {[%clk 1:30:50]} d5 {[%clk 1:30:46]} 2. Nc3 {[%clk 1:30:41]} Nf6 {[%clk
1:30:26]} 3. Bg5 {[%clk 1:30:55]} Bf5 {[%clk 1:30:15]} 4. Nf3 {[%clk 1:30:05]} e6
{[%clk 1:29:37]} 5. e3 {[%clk 1:27:13]} Be7 {[%clk 1:29:51]} 6. Bxf6 {[%clk
1:26:01]} Bxf6 {[%clk 1:29:34]} 7. Bd3 {[%clk 1:25:56]} Bg6 {[%clk 1:27:19]} 8.
Ne5 {[%clk 1:25:42]} Bxe5 {[%clk 1:25:14]} 9. dxe5 {[%clk 1:25:50]} Qg5 {[%clk
1:25:33]} 10. O-O {[%clk 1:17:17]} Qxe5 {[%clk 1:24:54]} 11. Nb5 {[%clk 1:16:32]}
a6 {[%clk 1:24:05]} 12. Nd4 {[%clk 1:16:25]} c5 {[%clk 1:22:50]} 13. Nf3 {[%clk
1:15:55]} Qc7 {[%clk 1:22:41]} 14. h3 {[%clk 1:10:33]} Nc6 {[%clk 1:21:43]} 15.
Re1 {[%clk 1:03:56]} Ne5 {[%clk 1:20:56]} 16. Bxg6 {[%clk 0:54:54]} hxg6 {[%clk
1:20:30]} 17. Nxe5 {[%clk 0:54:00]} Qxe5 {[%clk 1:20:38]} 18. c3 {[%clk 0:54:19]}
g5 {[%clk 1:20:54]} 19. g3 {[%clk 0:51:54]} Rxh3 {[%clk 1:19:57]} 20. Qg4 {[%clk
0:49:10]} Rh6 {[%clk 1:19:11]} 21. Qa4+ {[%clk 0:46:25]} Ke7 {[%clk 1:19:01]} 22.
Qb3 {[%clk 0:42:42]} b5 {[%clk 1:19:20]} 23. Qa3 {[%clk 0:41:23]} Qe4 {[%clk
1:17:27]} 24. Qxc5+ {[%clk 0:41:13]} Kd7 {[%clk 1:17:53]} 25. Kf1 {[%clk
0:35:34]} Rh1+ {[%clk 1:18:13]} 26. Ke2 {[%clk 0:35:29]} Qc2+ {[%clk 1:18:36]}
27. Kf3 {[%clk 0:35:33]} g4+ {[%clk 1:18:57]} 28. Kxg4 {[%clk 0:34:57]} Qf5#
{[%clk 1:19:19]} 0-1

[Event "Women's Baku Chess Olympiad"]
[Site "chess24.com"]
[Date "2016.09.10"]
[Round "8"]
[White "Ibtihal Mohammed"]
[Black "Garcia Mendez, Alcira Guadalupe"]
[Result "1/2-1/2"]
[Board "3"]
[WhiteID "12201529"]
[WhiteElo "1479"]
[WhiteCountry "SUD"]
[WhiteFideId "12201529"]
[WhiteEloChange "7"]
[BlackID "6702945"]
[BlackElo "1815"]
[BlackTitle "WCM"]
[BlackCountry "ESA"]
[BlackFideId "6702945"]
[BlackEloChange "-7"]

1. d4 {[%clk 1:30:58]} d5 {[%clk 1:30:51]} 2. h3 {[%clk 1:30:54]} Bf5 {[%clk
1:31:09]} 3. Bf4 {[%clk 1:31:15]} e6 {[%clk 1:31:25]} 4. Nf3 {[%clk 1:31:40]} c5
{[%clk 1:31:47]} 5. c3 {[%clk 1:31:54]} Nc6 {[%clk 1:31:53]} 6. e3 {[%clk
1:31:17]} Nf6 {[%clk 1:32:16]} 7. Nbd2 {[%clk 1:27:35]} Bd6 {[%clk 1:29:55]} 8.
Bxd6 {[%clk 1:24:57]} Qxd6 {[%clk 1:28:15]} 9. Be2 {[%clk 1:24:52]} O-O {[%clk
1:27:21]} 10. Nh4 {[%clk 1:24:38]} cxd4 {[%clk 1:25:07]} 11. Nxf5 {[%clk
1:24:32]} exf5 {[%clk 1:25:23]} 12. cxd4 {[%clk 1:14:45]} f4 {[%clk 1:25:09]} 13.
exf4 {[%clk 1:10:53]} Nxd4 {[%clk 1:24:51]} 14. O-O {[%clk 1:07:57]} Nxe2+ {[%clk
1:24:02]} 15. Qxe2 {[%clk 1:08:19]} Qxf4 {[%clk 1:24:26]} 16. Rfd1 {[%clk
1:06:54]} Rfe8 {[%clk 1:17:08]} 17. Qb5 {[%clk 1:06:52]} b6 {[%clk 1:15:27]} 18.
Nf1 {[%clk 1:06:01]} Qc4 {[%clk 1:14:45]} 19. Qxc4 {[%clk 1:03:42]} dxc4 {[%clk
1:15:08]} 20. a4 {[%clk 1:04:00]} a6 {[%clk 1:08:37]} 21. Ne3 {[%clk 1:02:55]} b5
{[%clk 1:08:49]} 22. axb5 {[%clk 0:55:02]} axb5 {[%clk 1:09:16]} 23. Nc2 {[%clk
0:54:26]} Rxa1 {[%clk 1:09:26]} 24. Nxa1 {[%clk 0:53:55]} h6 {[%clk 1:09:04]} 25.
Kf1 {[%clk 0:54:13]} Ra8 {[%clk 1:00:15]} 26. b3 {[%clk 0:45:15]} c3 {[%clk
0:59:36]} 27. Nc2 {[%clk 0:44:03]} Ra2 {[%clk 0:59:11]} 28. Rc1 {[%clk 0:44:12]}
Ne4 {[%clk 0:59:05]} 29. b4 {[%clk 0:42:27]} Nd2+ {[%clk 0:59:23]} 30. Ke1 {[%clk
0:41:56]} Rb2 {[%clk 0:52:59]} 31. Nd4 {[%clk 0:39:58]} Rxb4 {[%clk 0:53:02]} 32.
Ne2 {[%clk 0:39:32]} Rb1 {[%clk 0:51:50]} 33. Rxb1 {[%clk 0:38:44]} Nxb1 {[%clk
0:52:18]} 34. Kd1 {[%clk 0:39:01]} b4 {[%clk 0:52:35]} 35. Kc2 {[%clk 0:39:16]}
Nd2 {[%clk 0:53:04]} 36. Nc1 {[%clk 0:36:42]} Ne4 {[%clk 0:51:42]} 37. Nd3 {[%clk
0:35:31]} f5 {[%clk 0:49:40]} 38. f3 {[%clk 0:35:29]} Ng3 {[%clk 0:48:52]} 39.
Nxb4 {[%clk 0:35:22]} Ne2 {[%clk 0:49:21]} 40. Nd5 {[%clk 1:02:25]} Kf7 {[%clk
1:19:35]} 41. Kd3 {[%clk 0:58:29]} c2 {[%clk 1:17:03]} 42. Kxc2 {[%clk 0:58:23]}
Ke6 {[%clk 1:17:31]} 43. Ne3 {[%clk 0:58:22]} Ke5 {[%clk 1:14:48]} 44. Kd2 {[%clk
0:57:16]} Ng3 {[%clk 1:15:16]} 45. Ke1 {[%clk 0:56:44]} Kf4 {[%clk 1:14:57]} 46.
Kf2 {[%clk 0:56:23]} Nh1+ {[%clk 1:14:44]} 47. Ke2 {[%clk 0:56:41]} g6 {[%clk
1:15:00]} 48. Nd5+ {[%clk 0:46:29]} Kg3 {[%clk 1:13:22]} 49. Kf1 {[%clk 0:43:46]}
Kh4 {[%clk 1:10:50]} 50. Ne7 {[%clk 0:41:12]} Kg5 {[%clk 1:07:16]} 51. Ng8 {[%clk
0:37:30]} Ng3+ {[%clk 1:05:59]} 52. Kf2 {[%clk 0:37:38]} f4 {[%clk 1:06:28]} 53.
Ne7 {[%clk 0:37:35]} Nf5 {[%clk 0:54:32]} 54. Nd5 {[%clk 0:36:25]} h5 {[%clk
0:53:18]} 55. Nc3 {[%clk 0:35:21]} Ne3 {[%clk 0:51:47]} 56. Ne4+ {[%clk 0:35:31]}
Kf5 {[%clk 0:52:10]} 57. h4 {[%clk 0:31:39]} Nd1+ {[%clk 0:48:37]} 58. Kf1 {[%clk
0:31:09]} Ne3+ {[%clk 0:48:52]} 59. Kf2 {[%clk 0:31:37]} Nd1+ {[%clk 0:48:50]}
60. Kf1 {[%clk 0:31:57]} Ne3+ {[%clk 0:49:09]} 61. Kf2 {[%clk 0:32:25]} 1/2-1/2

[Event "Women's Baku Chess Olympiad"]
[Site "chess24.com"]
[Date "2016.09.10"]
[Round "8"]
[White "Jumba, Gloria"]
[Black "Kigeni, Grace"]
[Result "1-0"]
[Board "1"]
[WhiteID "10800794"]
[WhiteElo "1591"]
[WhiteCountry "KEN"]
[WhiteFideId "10800794"]
[WhiteEloChange "11"]
[BlackID "10000313"]
[BlackElo "1632"]
[BlackTitle "WFM"]
[BlackCountry "UGA"]
[BlackFideId "10000313"]
[BlackEloChange "-11"]

1. d4 {[%clk 1:30:52]} Nf6 {[%clk 1:30:49]} 2. c4 {[%clk 1:31:16]} c5 {[%clk
1:30:55]} 3. e3 {[%clk 1:31:31]} g6 {[%clk 1:29:24]} 4. Nf3 {[%clk 1:31:54]} Bg7
{[%clk 1:29:36]} 5. Be2 {[%clk 1:32:06]} cxd4 {[%clk 1:26:06]} 6. exd4 {[%clk
1:32:29]} d5 {[%clk 1:25:55]} 7. O-O {[%clk 1:28:54]} O-O {[%clk 1:21:15]} 8. Nc3
{[%clk 1:22:21]} Na6 {[%clk 1:13:13]} 9. Qb3 {[%clk 1:12:50]} Nc7 {[%clk
1:11:02]} 10. Bf4 {[%clk 1:12:28]} dxc4 {[%clk 0:45:54]} 11. Qxc4 {[%clk
1:10:50]} Ncd5 {[%clk 0:39:13]} 12. Be5 {[%clk 1:07:51]} a6 {[%clk 0:35:23]} 13.
Rfd1 {[%clk 0:58:55]} b5 {[%clk 0:34:00]} 14. Qb3 {[%clk 0:56:32]} Bb7 {[%clk
0:30:58]} 15. a4 {[%clk 0:49:14]} Nxc3 {[%clk 0:21:48]} 16. bxc3 {[%clk 0:49:13]}
Bd5 {[%clk 0:21:14]} 17. Qb4 {[%clk 0:47:46]} Bxf3 {[%clk 0:14:54]} 18. Bxf3
{[%clk 0:45:29]} Nd5 {[%clk 0:15:07]} 19. Qb3 {[%clk 0:44:40]} e6 {[%clk
0:09:43]} 20. axb5 {[%clk 0:39:58]} axb5 {[%clk 0:08:19]} 21. Rxa8 {[%clk
0:26:41]} Qxa8 {[%clk 0:08:38]} 22. Bxd5 {[%clk 0:19:11]} Qxd5 {[%clk 0:08:57]}
23. Qxd5 {[%clk 0:19:12]} exd5 {[%clk 0:09:22]} 24. Bd6 {[%clk 0:16:06]} Ra8
{[%clk 0:06:03]} 25. Rb1 {[%clk 0:15:55]} Ra2 {[%clk 0:04:25]} 26. Kf1 {[%clk
0:15:23]} Ra5 {[%clk 0:03:11]} 27. Bb4 {[%clk 0:13:01]} Ra7 {[%clk 0:02:39]} 28.
Bc5 {[%clk 0:13:20]} Rb7 {[%clk 0:03:01]} 29. Ra1 {[%clk 0:12:28]} f5 {[%clk
0:02:54]} 30. Ra8+ {[%clk 0:12:12]} Kf7 {[%clk 0:03:13]} 31. Rd8 {[%clk 0:12:22]}
Bh6 {[%clk 0:01:22]} 32. Rxd5 {[%clk 0:12:03]} Bd2 {[%clk 0:01:15]} 33. Bb4
{[%clk 0:11:43]} Bf4 {[%clk 0:01:10]} 34. g3 {[%clk 0:09:14]} Bh6 {[%clk
0:01:33]} 35. f4 {[%clk 0:08:48]} Bf8 {[%clk 0:01:48]} 36. Ke2 {[%clk 0:06:01]}
Bxb4 {[%clk 0:01:22]} 37. cxb4 {[%clk 0:06:30]} Ke6 {[%clk 0:01:15]} 38. Rc5
{[%clk 0:05:54]} Kd6 {[%clk 0:01:14]} 39. Kd3 {[%clk 0:05:54]} Rb6 {[%clk
0:01:22]} 40. d5 {[%clk 0:33:45]} Kd7 {[%clk 0:31:15]} 41. Kd4 {[%clk 0:33:52]}
Kd6 {[%clk 0:29:18]} 42. Rc6+ {[%clk 0:27:27]} Rxc6 {[%clk 0:29:32]} 43. dxc6
{[%clk 0:27:54]} Kxc6 {[%clk 0:29:04]} 44. Ke5 {[%clk 0:28:21]} Kc7 {[%clk
0:14:38]} 45. Kd5 {[%clk 0:28:37]} Kd7 {[%clk 0:14:37]} 46. Kc5 {[%clk 0:28:41]}
Kc7 {[%clk 0:14:15]} 47. Kxb5 {[%clk 0:29:07]} Kb7 {[%clk 0:14:31]} 48. Kc5
{[%clk 0:28:49]} h6 {[%clk 0:03:14]} 49. h4 {[%clk 0:29:05]} h5 {[%clk 0:02:40]}
50. Kb5 {[%clk 0:29:26]} 1-0